banner-ar

موسوعة الامازيغ / (Record no. 62110)

MARC details
000 -الفاتح
حقل البيانات ثابتة الطول 00850nam a22002057a 4500
005 - وقت وتاريخ اخر تعامل مع التسجيلة
رقم الضبط 20240530110532.0
008 - عناصر البيانات ثابتة الطول - معلومات عامة
حقل البيانات ثابتة الطول 160321s2007 ua a g 000 0 ara d
017 ## - رقم الايداع القانونى
رقم الايداع القانونى 2007/23267
المصدر ( الهيئة المختصة) مصر . دار الكتب المصرية
040 ## - مصدر الفهرسة
وكالة الفهرسة الأصلية EG-CaGPL
082 04 - رقم تصنيف ديوى العشرى
رقم الطبعة 21
رقم التصنيف 953.072\
رقم المادة أ م
100 0# - المدخل الرئيسى - إسم شخصى
الإسم الشخصى احمد عامر .
245 10 - بيان العنوان
العنوان موسوعة الامازيغ /
بيان المسئوليه,etc احمد عامر .
رقم الجزء/قسم العمل الجزء الاول :
اسم جزء/قسم العمل مصر ام الامازيغ .
رقم الجزء/قسم العمل الجزء الثانى :
اسم جزء/قسم العمل عصور تاريخ المغرب الاسلامى .
260 ## - PUBLICATION, DISTRIBUTION, ETC. (IMPRINT)
تاريخ النشر أو التوزيع 2007 .
300 ## - الوصف المادى
التعداد 2 ج ؛
أبعاد الوعاء 30 سم .
650 04 - المدخل الاضافى بالموضوع-مصطلح موضوعى
مصطلح موضوعي الامازيغ .
650 04 - المدخل الاضافى بالموضوع-مصطلح موضوعى
مصطلح موضوعي مصر
التقسيم الفرعي العام تاريخ .
651 04 - المدخل الاضافى بالموضوع - اسم جغرافى
الاسم الجغرافي المغرب
التقسيم الفرعي العام تاريخ
التقسيم الفرعي الزمني العصر الاسلامى .
942 ## - عناصر المدخل الإضافي( كوها)
مصدر التصنيف او مخطط الترفيف Dewey Decimal Classification
Koha [default] item type كتاب
260 ## - PUBLICATION, DISTRIBUTION, ETC. (IMPRINT)
-- القاهرة :
-- هلا للنشر و التوزيع ،
Holdings
حالة التراجع حالة الفقد حالة تلف ليس للاعارة المكان المؤقت الموقع الحالى تاريخ الاكتساب اجمالي اﻻعارات رقم الطلب الباركود تاريخ اخر مشاهدة تاريخ تفعيل السعر نوع وعاء كوها
        مكتبة القاهرة الكبرى مكتبة القاهرة الكبرى 03/21/2016   953.072\ أ م 161660 03/21/2016 03/21/2016 كتاب
        مكتبة القاهرة الكبرى مكتبة القاهرة الكبرى 03/21/2016   953.072\ أ م 161661 03/21/2016 03/21/2016 كتاب

Powered By

EGPV